|
|
|
|
| LEADER |
00000cam a2200000 7i4500 |
| 001 |
0000004289 |
| 005 |
20151222.0 |
| 008 |
070725 |
| 020 |
|
|
|a 9838914320
|
| 020 |
|
|
|a 9838914371(set)
|
| 090 |
0 |
0 |
|a JF
|b ANM MAL (3885)
|
| 100 |
0 |
|
|a Suziana Che Wil
|
| 245 |
0 |
0 |
|a Raja singa yang garang
|c Suziana Che Wil
|
| 260 |
|
|
|a Selangor :
|b Penerbit Orkid ,
|c 2006
|
| 440 |
|
|
|a Siri alam haiwan
|
| 500 |
|
|
|a Children ages 7-9 years old (orange)
|
| 650 |
|
0 |
|a Animal
|x fiction
|
| 650 |
|
0 |
|a Children's stories, Malay
|
| 710 |
0 |
|
|a Title
|
| 999 |
|
|
|a 0000917360
|b Book
|c Children Collection
|e Cawangan Bukit Gambir
|
| 999 |
|
|
|a 0000917361
|b Book
|c Children Collection
|e Cawangan Bukit Gambir
|
| 999 |
|
|
|a 0000917362
|b Book
|c Children Collection
|e Cawangan Bukit Gambir
|
| 999 |
|
|
|a 0000929660
|b Book
|c Children Collection
|e Cawangan Tangkak
|
| 999 |
|
|
|a 0000975944
|b Book
|c Children Collection
|e Perbadanan Perpustakaan Awam Johor
|
| 999 |
|
|
|a 0000975946
|b Book
|c Children Collection
|e Cawangan Sri Merlong
|
| 999 |
|
|
|a 0000975947
|b Book
|c Children Collection
|e Perbadanan Perpustakaan Awam Johor
|
| 999 |
|
|
|a 0000975948
|b Book
|c Children Collection
|e Perbadanan Perpustakaan Awam Johor
|
| 999 |
|
|
|a 0001072526
|b Book
|c Children Collection
|e Cawangan Tangkak
|